Quizzes
Events
Quiz Creation
Community
Videos
Private Events
Remove Ads
Sign In
Join for FREE
Feedback
Dark Mode
Quiz Categories
Sports
Geography
Music
Movies
Television
Just For Fun
Miscellaneous
History
Literature
Language
Science
Gaming
Entertainment
Religion
Holiday
For Kids
Quiz Lab
Recent
Popular Today
Quiz Kudos Today
Editor Picks
Curator Picks
Quizzes by...
Day
Popularity
Type
Ratings
Length
Year
Community
Subscriptions
Recent Discussions
Orange Saloon
Badges
Playlists
Quests
Create
Leaderboards
Showdown
Live 5
Trivia Bingo
Activity
Puzzle Library
Sporcle Events
Private Events
Virtual Trivia
Globe League
Become a Host
Pub Owners
SporcleCon
Opinionation
Our Games
Videos
Blog
Mobile Apps
Partnerships
Remove Ads and Go Orange
Feedback
History
US Presidents
World Leaders
Politics
Nation
Discovery
War
Decade
Year
Century
Biography
Art
History
US Presidents
World Leaders
Politics
Nation
Discovery
War
Decade
Year
Century
Biography
Art
Random Quiz
Search Sporcle
×
Quiz Lab
Quiz Lab
History
Clickable
Select answers by clicking on text or image buttons
Select answers by clicking on text or image buttons
Clickable
Best Score? Go Orange.
On This Day: May 30 Stats
Can you complete the facts about events that took place on May 30?
By
labdien
10m
55 Questions
61 Plays
61 Plays
61 Plays
Comments
Comments
Give Quiz Kudos
Give Quiz Kudos
-
- Ratings
hide this ad
Forced Order
Answers have to be entered in order
Answers have to be entered in order
Replay
Link that replays current quiz
Next Quiz
Link to next quiz in quiz playlist
You Got
0%
They Got
Avg Score
53%
Avg Friend Score
Upgrade to see
Score Distribution
Jump to the score distribution portion of the page
Score
0/55
Timer
10:00
0
Plays Today
% Correct
Stake
86.9%
Wives
85.2%
Kansas
85.2%
Andrew
83.6%
150
83.6%
Newspaper
82%
Revolt
80.3%
Brooklyn
80.3%
Albert
77%
Homeless
73.8%
Liverpool
72.1%
Elba
70.5%
Vie
70.5%
Tampa Bay
68.9%
Santo Domingo
67.2%
Wall
65.6%
Memorial
65.6%
Nephew
65.6%
France
63.9%
Acropolis
63.9%
Actress
63.9%
Frozen
63.9%
Geologist
62.3%
Heresy
60.7%
Same-sex marriage
57.4%
Oak
57.4%
Young
57.4%
Cologne
54.1%
% Correct
Albania
52.5%
Auckland
52.5%
President
52.5%
Astronomer
50.8%
Chicago
49.2%
Greece
45.9%
Biafra
44.3%
Baden-Baden
44.3%
Portugal
42.6%
Buckinghamshire
42.6%
Rak Records
39.3%
Great
37.7%
Psychology
37.7%
Arts
37.7%
Harlem
37.7%
Vsevolod
36.1%
Silverstein
36.1%
Afghanistan
34.4%
Austria
34.4%
Mather
32.8%
Draughtwoman
31.1%
Anhua
29.5%
Prague
24.6%
Clerical
23%
Goddess
19.7%
Japanese
16.4%
Massacre
14.8%
Quiz Playlist
Details
Report
Send in Message
Add To Playlist
Clickable:
Select answers by clicking on text or image buttons
Forced Order:
Answers have to be entered in order
Quiz Source
Last Updated: Feb 16, 2017
Quiz Scoreboard
CHALLENGE
Sign Up to Join the Scoreboard
Show All
Scores
Hide
Comments
May contain spoilers
Recently Published
An Introduction to Baseball
by treessimontrees
Sports
5m
Movies - When Are They Set?
by FPL_Elf
Movies
5m
Popular People in 1961
by mucciniale
History
6m
More to Explore
Quiz From the Vault
Featured Blog Post
Where Did the Easter Bunny Come From?
hide this ad
You Might Also Like...
Tags
Clickable Quiz
complete
Event
March
place
took
Today's Top Quizzes in History
Browse History
hide this ad
Today's Top Quizzes in Clickable
Browse Clickable
Top Contributed Quizzes in History
1
Popular People in 1991
2
Popular People in 1981
3
Popular People in 1951
4
Popular People in 1941
5
Popular People in 1986
6
Popular People in 1976
7
Popular People in 1921
8
I Am Born On March 28th
9
Popular People in 1946
10
Popular People in 1936
Explore More
Trending Topics
Harry Potter
Crossword
Anime
Marvel
NBA
Kpop
Disney
Soccer
NFL
Puzzle
Song
Pokémon
The Office
Country
WWE
hide this ad
More By:
labdien
Quiz
Plays
Rating
Category
Featured
Created
World War II Presidents
27,644
4.69
History
Jun 7, 2015
US Presidents Alive on 9/11
6,875
4.57
History
Jun 3, 2015
US Presidents Alive JFK Assassination
4,243
4.76
History
Jun 6, 2015
US Presidents Alive During Queen Elizabeth II's Reign
2,743
4.29
History
Jun 3, 2015
US Presidents Alive When Hitler Was Alive
2,614
4.56
History
Jul 23, 2015
Go to Creator's Profile
Score Distribution
Quiz Creator Spotlight
labdien
Follow
Send a Message
Quizzes Created
-
Created Quiz Play Count
-
More By This Creator
Popular Quizzes Today
1
Find the Countries of Europe - No Outlines Minefield
2
Find the US States - No Outlines Minefield
3
The Countries of the World
4
Popular People in 1961
5
Find the US States
6
US States
7
1-10 Letter E Words III
8
Risky Map Clicking: Biggest States A-Z
More History Quizzes
History on a Map: Places of Exile
Editor's Pick
Trending Quizzes
Risky Map Clicking: Least Populous States A-Z
1-10 Letter F Words
1-10 Letter G Words
Not Quite an Element Typing Challenge
One Thing in Common: United Kingdom
Recently Updated
Leaping Animals
pecheneg
Reality TV Shows (A-Z)
bhenderson79
Rickey Henderson's Hall of Fame Teammates
pecheneg
Champions League XIs: Arsenal
pecheneg
Quick Pick: Celebrities in WWE's Hall of Fame
aduchscher
A-Z Keypad Blitz II
pecheneg
Multiple Oscar Actors
pecheneg
Mystery Phrase Blitz: Oscar 'Best Actors'
pecheneg
F. Scott Fitzgerald Novels
LTH
Pick 3 Villains
ddd62291
Trending Topics
Harry Potter
Crossword
Kpop
Marvel
Disney
Anime
NBA
NFL
The Office
Pokémon
Puzzle
Soccer
Country
Song
WWE
Your Account Isn't Verified!
In order to create a playlist on Sporcle, you need to verify the email address you used during registration. Go to your
Sporcle Settings
to finish the process.
Report this User
Report this user for behavior that violates our
Community Guidelines
.
Details:
Send Report
Go to the Sporcle.com Mobile Site →
Comments